| 000 | 00692nam a22002537a 4500 | ||
|---|---|---|---|
| 001 | 59073 | ||
| 003 | UA-OsUOA | ||
| 005 | 20200316175049.0 | ||
| 007 | ta | ||
| 008 | 20090305b un ||||| |||| 00| 0 ukr d | ||
| 020 | _a9663461934 | ||
| 040 |
_aUA-OsUOA _bukr _cUA-OsUOA _dUA-OsUOA |
||
| 041 | _aukr | ||
| 080 | _a11:330 | ||
| 090 |
_a11:330 _bБ17 |
||
| 100 | _aБазилевич В. Д. | ||
| 245 |
_aМетафізика економіки _cІльїн В.В. |
||
| 260 |
_aК. _bЗнання _c2007 |
||
| 300 | _a718 с. | ||
| 650 | 7 |
_a1 Філософські науки _2UDC |
|
| 942 |
_cBK _2udc |
||
| 955 | _a2 | ||
| 999 |
_c345151 _d345151 |
||